=LDR 00000nam 2200000 4500 =001 INLIS000000000029018 =005 20200422091645 =035 ##$$a 0010-061300000029018 =008 200422################g##########0#ind## =041 ##$$a ind =082 ##$$a 2x0 =090 ##$$a 2x0, ALG m =100 ##$$a Al-Ghifari, Abu =245 1#$$a Menggapai surga dengan tulisan, Kiat menjadi penulis sukses : $b panduan untuk generasi muda Islam /$c Abu al-Ghifari =260 ##$$a Bandung :$b Mujahid,$c 2002 =300 ##$$a 152 hlm., : $b ilus. ; $c 21 X 14 cm. =650 #4$$a Islam, Penulis =850 ##$$a NBPNMAT =084 ##$$a 2x0 GHI m =250 ##$$a Cet.2 =504 ##$$a Bibliografi ;hlm.149-151 =990 ##$$a 2033073